zpět

Detail výsledku týmu

U Lucerny ST, Brno

Datum a čas kvízu

40.5 Celkem bodů Celkový počet nahraných bodů na tomto kvízu bez doplňovacích otázek.
3. Pořadí na kvízu Konečné umístění týmu na tomto kvízu.

Zaznamenané odpovědi

# Otázka Odpověď Body Výsledky
1. Část ulice u ruského velvyslan... Ukrajinských hrdinů 1
2. Minulý týden proběhla médii zp... v Benátkách 1
3. Ve čtvrtek měl premiéru český... Kryštof Hádek, Vladimír Pokorný 0.5
4. Jeden český státní podnik, kte... České dráhy 0
5. Rakouský 22letý skokan na lyží... Skákal téměř nahý (pouze v plavkách typu „Borat“). 1
6. Budeme se zabývat pěti filmy,... Elijah Wood, Pán prstenů: Dvě věže 0.5
7. Snímek Pan Jones z roku 2019 v... Agnieszka Holland 1
8. Paní Wilberforceová je výstřed... Lupiči paní domácí 0
9. Komedie Karla Kachyni z roku 1... Kam pánové, kam jdete? 1
10. V roce 2009 vznikl animovaný f... Lišák 1